| 000 | 00929cab a22002055a 4500 | ||
|---|---|---|---|
| 001 | L138353 | ||
| 008 | 070531s2007 xxk f 000 0 eng d | ||
| 035 | _a(Sirsi) u138353 | ||
| 041 | 0 | _aeng | |
| 110 | 2 |
_aInvestment Property Forum _92112 |
|
| 245 | 0 | 0 |
_aIPF forecast survey _bApril |
| 260 | _c2007 | ||
| 490 | 0 |
_aEstates Gazette _v(0721) 26 May 2007, 52-53(2) |
|
| 520 | _aReports that real property returns have showed a marginal increase, despite the five year forecast falling. Reports the total returns in 2007 at 9.1%, although uncertainty about property yields remains. Predicts the London office market to show the strongest rental value growth over the next three years. Graphs depict rental growth, capital growth and total returns. | ||
| 590 | _aKA | ||
| 650 | 2 | 4 | _aIPF CONSENSUS FORECAST SURVEY |
| 651 | 4 |
_aUnited Kingdom _y |
|
| 690 | _aPROPERTY-COMMERCIAL PROPERTY-COMMERCIAL PROPERTY MARKET | ||
| 942 | _n0 | ||
| 999 |
_c107142 _d107142 |
||